Library Banner

پنجاب کی سیاسی جدوجہد (Record no. 68469)

MARC details
000 -LEADER
fixed length control field 00418nam a22001457a 4500
005 - DATE AND TIME OF LATEST TRANSACTION
control field 20150330145924.0
008 - FIXED-LENGTH DATA ELEMENTS--GENERAL INFORMATION
fixed length control field 150330b xxu||||| |||| 00| 0 eng d
040 ## - CATALOGING SOURCE
Transcribing agency PK-LaUMT
082 ## - DEWEY DECIMAL CLASSIFICATION NUMBER
Classification number KHC 954.035
Item number BHA-P
100 ## - MAIN ENTRY--PERSONAL NAME
Personal name بھگت سنگھ بلگہ
245 ## - TITLE STATEMENT
Title پنجاب کی سیاسی جدوجہد
Statement of responsibility, etc بھگت سنگھ بلگہ
260 ## - PUBLICATION, DISTRIBUTION, ETC. (IMPRINT)
Place of publication, distribution, etc لاہور
Name of publisher, distributor, etc فکشن ہاوس
Date of publication, distribution, etc 2003
300 ## - PHYSICAL DESCRIPTION
Extent 175 ص
942 ## - ADDED ENTRY ELEMENTS (KOHA)
Koha item type Books
Holdings
Withdrawn status Lost status Damaged status Home library Current library Date acquired Full call number Barcode Date last seen Price effective from Koha item type
      UMT Main Campus UMT Main Campus 2015-03-30 KHC 954.035 BHA-P 68708 2015-03-30 2015-03-30 Books